Countries Bordering Brazil - Map Quiz - Statistics

General Stats
  • This quiz has been taken 1,047 times
    981 since last reset
  • The average score is 9 of 10
Answers on the Map
Answers color-coded by a green-red scale on the quiz's map according to % correct below.
 
Answer Stats
Answer % Correct
Argentina
93%
Colombia
92%
Guyana
92%
Bolivia
91%
France (French Guiana)
91%
Paraguay
91%
Peru
91%
Uruguay
91%
Venezuela
90%
Suriname
86%
No matching quizzes found
Score Distribution
Percent of People with Each Score
Percentile by Number Answered
Your Score History
You have not taken this quiz since the last reset